Όλες οι Περιοχές της Ελληνικής Μονόπολης - Statistics

General Stats
  • This quiz has been taken 16 times
  • The average score is 12 of 26
Answer Stats
Περιοχές % Correct
Σταθμός {Λαρίσης}
100%
Πλατεία {Ομονοίας}
80%
Πλατεία {Συντάγματος}
80%
Οδός {Πατησίων}
67%
Λεωφόρος {Βασιλίσσης Σοφίας}
67%
Λεωφόρος {Αμαλίας}
67%
Πλατεία {Αμερικής}
60%
Οδός {Πανεπιστημίου}
60%
Πλατεία {Κάνιγγος}
53%
Οδός {Κυψέλης}
47%
Πλατεία {Βάθης}
47%
Οδός {Λιοσίων}
47%
Οδός {Σκουφά}
47%
Σταθμός {Πελοποννήσου}
40%
Οδός {Αχαρνών}
40%
Οδός {Σταδίου}
40%
Σταθμός {Τατοΐου}
33%
Οδός {Πειραιώς}
33%
Οδός {Αθηνάς}
33%
Οδός {Πραξιτέλους}
33%
Οδός {Κοραή}
33%
Σταθμός {Πειραιώς}
33%
Οδός {Αιόλου}
27%
Οδός {Ακαδημίας}
27%
Οδός {Επτανήσου}
20%
Οδός {Ηροδότου}
20%
No matching quizzes found
Score Distribution
Percent of People with Each Score
Percentile by Number Answered
Your Score History
You have not taken this quiz